Statistiken für Deutsche Musiker/Bands am Songtitel erraten (Teil 3)

Klicken Sie hier um das Quiz zu spielen!

Allgemein

  • Dieses Quiz wurde 346 mal gespielt
  • Das Durchschnittsergebnis liegt bei 10 aus 20

Antwortstatistiken

SongtitelBand/Musiker% Korrekt
99 LuftballonsNena
99%
Au RevoirMark Forster
90%
EasyCro
78%
Auf unsAndreas Bourani
74%
Geboren um zu lebenUnheilig
73%
Verdammt ich lieb dichMatthias Reim
56%
Sonderzug nach PankowUdo Lindenberg
56%
Barfuß am KlavierAnnenMayKantereit
52%
Viva ColoniaHöhner
52%
Holland257ers
50%
AbfahrtFinch
50%
Dickes BSeeed
45%
König von DeutschlandRio Reiser
40%
Er gehört zu mirMarianne Rosenberg
37%
RuhrgebietWolfgang Petry
37%
Schönste ZeitBosse
33%
StillJupiter Jones
32%
Dein ist mein ganzes HerzHeinz Rudolf Kunze
22%
Komplett im ArschFeine Sahne Fischfilet
20%
Wenn du tanztVon Wegen Lisbeth
9%

Verteilung der Resultate

Perzentil nach korrekt beantworteten Fragen

Anzahl Personen mit jedem Resultat

Ihre Resultats-Entwicklung

Sie haben dieses Quiz noch nicht gespielt